00449nam a2200169 a 4500001001300000003000900013005001700022008004100039020000900080082001500089245002700104260004200131300000900173500003500182650002500217710003700242nice12345678IN_TiNIC20260116011549.0070615s1939 oxfa grp 000 0 eng  ac3500a231.7bINT aAuthority of the Faith aOxfordbOxford University Pressc1939 a216p aincludes index and biblioraphy aRevelation-Christian2 aInternational Missionary Council